| 000 | 00892nam a22003017a 4500 | ||
|---|---|---|---|
| 003 | CHAP | ||
| 005 | 20220329135815.0 | ||
| 008 | 971013s1966 r 00010 d | ||
| 010 | _a42508 | ||
| 011 | _a43480 | ||
| 035 | _a47616 | ||
| 040 | _cCHAP | ||
| 090 | _aFolleto 5196y | ||
| 110 | 1 |
_aE.U.A. Department of Agriculture _934876 |
|
| 245 | 1 | _aSandías para el huerto | |
| 260 |
_aMéxico, D. F. : _bCentro Regional de Ayuda Técnica, _c1966 |
||
| 300 |
_a8 p. _b: ilus |
||
| 490 |
_aProspect _v; 528 |
||
| 590 |
_aBATCH-UPD _b10 _c20130110 _lUCH01 _h1454 |
||
| 590 |
_aBATCH-UPD _b10 _c20130410 _lUCH01 _h0919 |
||
| 590 |
_aBATCH-UPD _b10 _c20130914 _lUCH01 _h2013 |
||
| 590 |
_aCONVERSION _b10 _c20130109 _lUCH01 _h1323 |
||
| 650 | 1 | 4 |
_aSandía. _9102056 |
| 830 | 0 |
_aProspect _v; 528 _992430 |
|
| 901 | _aBK | ||
| 942 | _cFOLL | ||
| 949 |
_aFolleto 5196y _bBC _cFOLL _d-108145 _eTS1 _i47616 _si |
||
| 999 |
_c42508 _d42508 |
||